| 000 | 00907cad a22001935a 4500 | ||
|---|---|---|---|
| 001 | L152902 | ||
| 008 | 110512s2011 xxk 000 0 eng d | ||
| 035 | _a(Sirsi) u152902 | ||
| 041 | 0 | _aeng | |
| 110 | 2 |
_aUnited Kingdom _bDepartment for Communities and Local Government _94939 |
|
| 245 | 0 | 0 |
_aCommunity infrastructure levy _ban overview _h[electronic resource] |
| 260 |
_aLondon _bDEFRA _c2011 |
||
| 520 | _aDocument sets out the purpose of the Community Infrastructure Levy and how it intends to operate. It replaces 'Community Infrastructure Levy: An overview' which was published on 18 November 2010. | ||
| 590 | _aKA NTK | ||
| 651 | 4 |
_aEngland and Wales _y1543- |
|
| 690 | _aENVIRONMENTAL AND LAND CONSULTANCY-PLANNING AND DEVELOPMENT | ||
| 856 | 4 | 0 |
_uhttps://www.communities.gov.uk/documents/planningandbuilding/pdf/1897278.pdf _zView the report free of charge at www.communities.gov.uk |
| 942 | _n0 | ||
| 999 |
_c112253 _d112253 |
||